| 000 | 00801 a2200205 4500 | ||
|---|---|---|---|
| 003 | Nust | ||
| 005 | 20230704130939.0 | ||
| 010 | _a 79065705 | ||
| 020 | _a0916688135(pbk.) : | ||
| 040 | _cNust | ||
| 082 | 0 | 0 | _a510.285,ROG |
| 100 | 1 |
_aRogowski, Stephen J. _9113303 |
|
| 245 | 1 | 0 |
_aProblems for computer solution / _cStephen J. Rogowski. |
| 250 | _astudent ed. | ||
| 260 |
_aMorristown, N.J. : _bCreative Computing Press, _cc1980. |
||
| 300 |
_aiv, 104p. : _bill. ; _c28 cm. |
||
| 505 | _aArchitecture (Page-1), Algebra (Page-14), Geometry (Page-26), Trigonometry (Page-32), Number Theory (Page-38), Probability (Page-59), Statistic (Page-65), Calculus (Page-67), Science (Page-70), General (Page-74), Unsolved (Page-89). | ||
| 650 | 0 |
_aMathematics _xData processing. _923326 |
|
| 942 |
_2ddc _cBKB |
||
| 999 |
_c181648 _d181648 |
||